Universidad nacional del sur : x aniversario :
Guardado en:
| Formato: | Libro |
|---|---|
| Publicado: |
Bahía Blanca :
Universidad,
1966
|
| Materias: | |
| Etiquetas: |
Agregar Etiqueta
Sin Etiquetas, Sea el primero en etiquetar este registro!
|
| LEADER | 00432nam a22001455a 4500 | ||
|---|---|---|---|
| 001 | CEM.cems018112 | ||
| 005 | 20131029100010.0 | ||
| 008 | 130507s1966##################000#0#####d | ||
| 003 | CEMS | ||
| 082 | 0 | 4 | |a FC378 |
| 245 | 0 | 0 | |a Universidad nacional del sur : |b x aniversario : |
| 260 | |a Bahía Blanca : |b Universidad, |c 1966 | ||
| 300 | |a 62 p. | ||
| 653 | |a Universidad nacional del sur | ||
| 859 | |a CEMS |b BIB. CEMS - Agricultura |h FC378 |i Un38 |p A0055.44 |t Ej.1 | ||
